000 01137nam0a2200289 4500
001 RU\NLR\bibl\1129979
005 20260409074610.0
010 _a978-5-9524-2778-5
_95000
021 _aRU
_b2007-54162
_92877
035 _a(NLR Aleph) 001116900
090 _a1273421
_c1273421
100 _a20070918d2007 u y0rusy50 ca
101 0 _arus
102 _aRU
105 _ay |||||||||
200 1 _aЭнциклопедия подарков и поздравлений
_f[авт.-сост.: Берсеньева Катерина Геннадьевна]
210 _aМосква
_cЦентрполиграф
_d2007
215 _a382, [1] с.
_d25
606 _aПоздравления (этногр.)
_3RU\NLR\auth\661309820
_92177868
606 1 _aПодарки
_xЭтнографические исследования
_92261839
_3RU\NLR\auth\661356120
686 _aТ52(2=Р)-524.1
702 1 _4220
_8rus
_7ca
_aБерсеньева
_bК. Г.
_gКатарина Геннадьевна
_3RU\NLR\auth\7758048
_940980
801 0 _aRU
_bNLR
_c20070918
_gRCR
801 1 _aRU
_bNLR
_c20070918
942 _cBOOK
980 _aNB